000 00549nam a2200181Ia 4500
008 090201s9999 xx 000 0 und d
010 _aKPL-67697
040 _bमराठी
041 _aमराठी
082 _a45361
_b67697
100 _a जोशी चिं वि
245 _aरहाटगाडगं
_c जोशी चिं वि
250 _a5
260 _c2005
_bकॉन्टीनेंटल प्रकाशन
300 _a136
_bमोठा
600 _aरहाटगाडगं
942 _cBOOK
999 _c242275
_d242275